| 000 | 00760nam a2200205 a 4500 | ||
|---|---|---|---|
| 001 | 5591 | ||
| 003 | CDMR | ||
| 005 | 20131107101004.0 | ||
| 008 | 130130s1991||||||||||||||||||||||||||||d | ||
| 020 | _a84860094739 | ||
| 040 |
_aCDMR _bcat _cCDMR |
||
| 245 | 0 |
_aTelecomunicaciones y audiovisual en Europa _b: encuentros y divergencias _cinforme del grupo Eurocommunication Recherches ; edición de Enrique Bustamante ; prólogo de Jean Luc Iwens |
|
| 260 |
_aMadrid _cDL 1991 _bFUNDESCO |
||
| 490 | 0 |
_aconTextos de Telecomunicaciones _v5 |
|
| 650 | 0 | 4 |
_94180 _aSistemes de telecomunicació |
| 650 | 0 | 4 |
_94162 _aPolítica de la telecomunicació |
| 650 | 0 | 4 |
_91607 _aMitjans de comunicació de massa _zEuropa |
| 700 | 1 |
_9125 _aBustamante, Enrique _eed. |
|
| 942 |
_cMON _2udc |
||
| 999 |
_c5591 _d5591 |
||